[Event "SR 2. liga A 2006/2007"]
[Site "?"]
[Date "2006.10.15"]
[Round "2.6"]
[White "Obdrzalkova, Anita"]
[Black "Syrovy, Ivan"]
[Result "1/2-1/2"]
[WhiteElo "2058"]
[BlackElo "2091"]
[PlyCount "88"]
[EventDate "2006.??.??"]
[TimeControl "240+2"]

{89MB, Fritz8.ctg, KAIKO-2PTA9HT0L} 1. e4 c5 2. Nf3 d6 3. d4 cxd4 4. Nxd4 Nf6
5. Nc3 g6 6. Be3 Bg7 7. f3 Nc6 8. Qd2 Bd7 9. Bc4 O-O 10. O-O-O Rc8 11. Bb3 Na5
12. Bh6 Nc4 13. Bxc4 Rxc4 14. Bxg7 Kxg7 15. g4 Qa5 16. Kb1 b5 17. Ncxb5 Qb6 18.
Na3 Ra4 19. Ka1 Rb8 20. c3 Ra6 21. Rhg1 e5 22. Ne2 Be6 23. h4 d5 24. g5 Nh5 25.
exd5 Bxd5 26. Rgf1 Qb7 27. Ng1 Bxa2 28. Rf2 Bc4 29. Qc2 Bb3 30. Qc1 Bxd1 31.
Qxd1 Qe7 32. Qc1 Qc5 33. Rd2 Rb3 34. Ne2 Nf4 35. Nxf4 exf4 36. Rc2 Qf5 37. Qd2
Rb8 38. c4 Re8 39. Kb1 Rae6 40. Nb5 Re3 41. Nd6 Re1+ 42. Ka2 Qd7 43. Nxe8+ Qxe8
44. Qd4+ Kg8 1/2-1/2

[Event "SR 2. liga A 2006/2007"]
[Site "?"]
[Date "2006.??.??"]
[Round "2.6"]
[White "Oprea, Erik"]
[Black "Slamena, Michal"]
[Result "1-0"]
[WhiteElo "2138"]
[BlackElo "1957"]
[PlyCount "117"]
[EventDate "2006.??.??"]

1. e4 c5 2. d4 cxd4 3. Nf3 d6 4. Nxd4 Nf6 5. Nc3 g6 6. Be3 Bg7 7. Bb5+ Bd7 8.
Bxd7+ Nfxd7 9. Qd2 Nc6 10. Nd5 Nb6 11. Nxb6 Qxb6 12. Nb3 Qb4 13. c3 Qxe4 14.
O-O O-O 15. Rfe1 Qg4 16. Bh6 Rfe8 17. Bxg7 Kxg7 18. Re3 Rad8 19. Rg3 Qd7 20.
Re1 e5 21. Re4 f5 22. Rh4 f4 23. Rd3 Qe6 24. Rd5 Ne7 25. Rb5 Rd7 26. Rh3 a6 27.
Rb4 Nc6 28. Re4 Qf5 29. Re1 e4 30. c4 Qe5 31. Rd3 Qg5 32. Rd5 e3 33. fxe3 fxe3
34. Qc3+ Qf6 35. Qxf6+ Kxf6 36. Nc5 Rdd8 37. Nxb7 Rb8 38. Rxd6+ Kf5 39. Rxc6
Rxb7 40. b3 Ke4 41. Rxa6 Rd7 42. Rf6 Rd2 43. c5 Rxa2 44. c6 Rb2 45. c7 Rc2 46.
Rf7 h5 47. Rd7 Rc8 48. Re7+ Kd4 49. R7xe3 R8xc7 50. Re4+ Kc5 51. Re6 Kb4 52.
Rxg6 Kc3 53. b4 Kc4 54. Ree6 Rc1+ 55. Kf2 Rf7+ 56. Ref6 Rc2+ 57. Kg3 Rxf6 58.
Rxf6 h4+ 59. Kh3 1-0

[Event "SR 2. liga A 2006/2007"]
[Site "?"]
[Date "2006.10.15"]
[Round "2.6"]
[White "Povysil, Peter"]
[Black "Hagara, Vladimir"]
[Result "1-0"]
[WhiteElo "2055"]
[BlackElo "1975"]
[PlyCount "107"]
[EventDate "2006.??.??"]

1. Nf3 Nf6 2. c4 d5 3. cxd5 Nxd5 4. d4 g6 5. e4 Nb6 6. Bb5+ Bd7 7. Be2 Bg7 8.
O-O O-O 9. Nc3 c6 10. Be3 Be6 11. Qc2 Bc4 12. Rfd1 Bxe2 13. Qxe2 Na6 14. a4 e6
15. a5 Nd7 16. e5 Re8 17. Ne4 Qb8 18. Nd6 Re7 19. Bg5 f6 20. Bh4 Nb4 21. exf6
Nxf6 22. Bg3 Qd8 23. Qc4 Nbd5 24. a6 b6 25. Qxc6 Rc7 26. Qa4 Re7 27. Re1 Nh5
28. Nb7 Qe8 29. Bh4 Bf6 30. Bxf6 Nhxf6 31. Qa3 Nc7 32. Nd6 Qd8 33. Ne5 Qf8 34.
Rac1 Nfd5 35. g3 Rg7 36. Rc6 Rd8 37. Rec1 Re7 38. Nb7 Ra8 39. Nd6 Rd8 40. Nb7
Ra8 41. Qa4 Qe8 42. Nd6 Qf8 43. Nb5 Nxa6 44. Qxa6 Nb4 45. Qa3 Nxc6 46. Rxc6 Rd8
47. Qb3 Qf5 48. Nd6 Qh3 49. Qc4 Rf8 50. Rc8 Qh5 51. Rxf8+ Kxf8 52. Nc8 Qd1+ 53.
Kg2 Re8 54. Qc7 1-0

[Event "SR 2. liga A 2006/2007"]
[Site "?"]
[Date "2006.??.??"]
[Round "2.7"]
[White "Hertel, Ondrej"]
[Black "Cambel, Vladimir"]
[Result "1-0"]
[WhiteElo "1990"]
[BlackElo "2049"]
[PlyCount "97"]
[EventDate "2006.??.??"]

1. d4 Nf6 2. c4 g6 3. Nc3 Bg7 4. e4 d6 5. f3 O-O 6. Be3 a6 7. Qd2 Re8 8. Nge2
b5 9. cxb5 axb5 10. Nxb5 Ba6 11. Nec3 c6 12. Na3 Bxf1 13. Rxf1 Nbd7 14. Kf2 Nb6
15. Kg1 Nfd7 16. Qd3 Qb8 17. Rf2 Rc8 18. Nc4 c5 19. Nxb6 Qxb6 20. Nd5 Qd8 21.
dxc5 Nxc5 22. Bxc5 Rxc5 23. Rc2 e6 24. Nc3 Rac8 25. Rd1 d5 26. exd5 exd5 27.
Re2 d4 28. Ne4 R5c6 29. b4 Qh4 30. Nc5 Ra8 31. a3 Rd6 32. Re4 Qh5 33. Rde1 Rdd8
34. a4 Qd5 35. a5 Qc6 36. a6 Bf8 37. Nb7 Rdb8 38. b5 Qb6 39. Rc1 Rxb7 40. axb7
Qxb7 41. Rxd4 Qb6 42. Kh1 Ra2 43. Qc4 Rb2 44. Rd7 Qf6 45. h3 Bh6 46. Rcd1 Bf4
47. Qd5 Kg7 48. Ra7 Be5 49. Rxf7+ 1-0

[Event "SR 2. liga A 2006/2007"]
[Site "?"]
[Date "2006.10.15"]
[Round "2.7"]
[White "Klanica, Anton"]
[Black "Dzavik, Jozef"]
[Result "1/2-1/2"]
[WhiteElo "1927"]
[BlackElo "2065"]
[PlyCount "84"]
[EventDate "2006.??.??"]

1. e4 e6 2. d4 d5 3. exd5 exd5 4. Bd3 Bd6 5. Nf3 Ne7 6. Bg5 Bg4 7. Nbd2 Nbc6 8.
c3 Qd7 9. Qc2 Bf5 10. O-O-O f6 11. Bh4 Bxd3 12. Qxd3 Qf5 13. Qxf5 Nxf5 14.
Rde1+ Kf7 15. g4 Nxh4 16. Nxh4 Rhe8 17. Kd1 Rxe1+ 18. Kxe1 Re8+ 19. Kd1 Nd8 20.
Ng2 Ne6 21. h4 Nf4 22. Nxf4 Bxf4 23. Nf3 Re6 24. Rg1 c6 25. h5 Re4 26. Re1
Rxe1+ 27. Nxe1 f5 28. Nd3 Bd6 29. g5 f4 30. Ke2 Ke6 31. Kf3 Kf5 32. g6 hxg6 33.
hxg6 a6 34. a4 b6 35. Ne1 c5 36. dxc5 bxc5 37. b3 a5 38. Nc2 Ke5 39. Ne1 d4 40.
Nd3+ Kf5 41. cxd4 cxd4 42. Nb2 Ba3 1/2-1/2

[Event "SR 2. liga A 2006/2007"]
[Site "?"]
[Date "2006.10.15"]
[Round "2.7"]
[White "Pasko, Peter"]
[Black "Hebelka, Milos"]
[Result "0-1"]
[WhiteElo "2123"]
[BlackElo "2102"]
[PlyCount "140"]
[EventDate "2006.??.??"]

1. e4 c6 2. d4 d6 3. f4 d5 4. e5 h5 5. Nf3 g6 6. Bd3 Nh6 7. Nc3 Bf5 8. Ne2 e6
9. c3 Qb6 10. Nh4 Be7 11. Nxf5 Nxf5 12. Qc2 c5 13. Bxf5 gxf5 14. Be3 Nc6 15.
dxc5 Bxc5 16. Bxc5 Qxc5 17. O-O-O Rg8 18. Ng3 Qe3+ 19. Qd2 Qxd2+ 20. Rxd2 h4
21. Nf1 Rg4 22. g3 O-O-O 23. Ne3 Rg7 24. Rg2 d4 25. cxd4 Rxd4 26. gxh4 Rh7 27.
Rg8+ Kc7 28. Ng2 Nb4 29. Rf1 Nxa2+ 30. Kc2 Nb4+ 31. Kc1 Nd5 32. Rf3 b5 33. Ra3
Kb7 34. Rd8 Rc4+ 35. Kd2 f6 36. exf6 Nxf6 37. Ke2 Rc2+ 38. Rd2 Rhc7 39. Ne3
R2c5 40. Rd6 Nd5 41. Nxd5 Rxd5 42. Rxe6 Rc2+ 43. Ke3 Rxh2 44. Re7+ Kb6 45.
Raxa7 Rh3+ 46. Ke2 Rd4 47. Rab7+ Ka5 48. Re5 Rb4 49. Ra7+ Kb6 50. Ra2 Rxf4 51.
h5 Rxh5 52. Ra8 Rb4 53. Rf8 Rxb2+ 54. Kf3 Rh3+ 55. Kf4 Ka5 56. Ra8+ Kb4 57. Rb8
Kc4 58. Re7 Rf2+ 59. Kg5 Rg3+ 60. Kf6 b4 61. Reb7 Rb3 62. Ke5 Rb1 63. Rc7+ Kb3
64. Rcb7 Re1+ 65. Kf6 Re4 66. Kg5 f4 67. Kf5 Rc4 68. Kg4 Rg2+ 69. Kf3 Rg3+ 70.
Kf2 Rgc3 0-1

[Event "SR 2. liga A 2006/2007"]
[Site "?"]
[Date "2006.10.15"]
[Round "2.7"]
[White "Peitl, Tomas"]
[Black "Zacik, Anton"]
[Result "1-0"]
[WhiteElo "1931"]
[BlackElo "2059"]
[PlyCount "119"]
[EventDate "2006.??.??"]
[TimeControl "240+2"]

{89MB, Fritz8.ctg, KAIKO-2PTA9HT0L} 1. e4 c5 2. Nf3 Nc6 3. d4 cxd4 4. Nxd4 Nf6
5. Nc3 e5 6. Ndb5 d6 7. Bg5 a6 8. Na3 b5 9. Nd5 Be7 10. Bxf6 Bxf6 11. c3 O-O
12. Nc2 Bg5 13. a4 bxa4 14. Rxa4 a5 15. Bc4 Rb8 16. b3 Ne7 17. h4 Bxh4 18. Qh5
Ng6 19. g3 Qg5 20. Qxg5 Bxg5 21. Rxa5 Bg4 22. O-O Bf3 23. Ra6 Bxe4 24. Ncb4
Bxd5 25. Bxd5 Bd2 26. Rxd6 Bxc3 27. Nc6 Rb5 28. Rc1 Bb4 29. Nxb4 Rxb4 30. Rc7
Rbb8 31. Rdd7 Nh8 32. Kf1 Rbd8 33. Ke2 Rxd7 34. Rxd7 Re8 35. b4 Kf8 36. Bc6 Rb8
37. b5 Ng6 38. Kd3 Ne7 39. Kc4 Nxc6 40. bxc6 Ke8 41. Kc5 h5 42. Kd6 Rb2 43.
Re7+ Kf8 44. Rxe5 Rd2+ 45. Kc7 Rxf2 $11 46. Kc8 g6 47. c7 Rc2 48. Kd7 Rxc7+ 49.
Kxc7 f6 50. Re6 Kf7 51. Kd7 g5 52. Re7+ Kg6 53. Ke6 f5 54. Rf7 f4 55. Rf6+ Kg7
56. gxf4 gxf4 57. Rxf4 Kg6 58. Rf5 h4 59. Ke5 h3 60. Rf3 1-0

[Event "SR 2. liga A 2006/2007"]
[Site "?"]
[Date "2006.10.15"]
[Round "2.8"]
[White "Beles, Milan"]
[Black "Kolesar, Rastislav"]
[Result "1-0"]
[WhiteElo "2094"]
[BlackElo "1908"]
[PlyCount "57"]
[EventDate "2006.??.??"]
[TimeControl "240+2"]

{89MB, Fritz8.ctg, KAIKO-2PTA9HT0L} 1. e4 d5 2. exd5 Qxd5 3. Nc3 Qa5 4. d4 c6
5. Nf3 Nf6 6. Ne5 Nbd7 7. Nc4 Qc7 8. g3 Nb6 9. Bf4 Qd8 10. Ne5 Nbd5 11. Bd2 Bf5
12. Qf3 Bxc2 13. Nxd5 Qxd5 14. Bc4 Qxf3 15. Bxf7+ Kd8 16. Nxf3 Be4 17. Ke2 Bd5
18. Ba5+ b6 19. Bxd5 cxd5 20. Bd2 e6 21. Ne5 Ke8 22. Rac1 Bd6 23. Rc6 Ke7 24.
Rhc1 Rhg8 25. Rxd6 Rgc8 26. Rdc6 Kd8 27. Rxe6 Rxc1 28. Bxc1 Rc8 29. Rc6 1-0

[Event "SR 2. liga A 2006/2007"]
[Site "?"]
[Date "2006.??.??"]
[Round "2.8"]
[White "Isa, Vlastimil"]
[Black "Synak, Jan"]
[Result "1/2-1/2"]
[WhiteElo "2032"]
[BlackElo "1802"]
[PlyCount "94"]
[EventDate "2006.??.??"]

1. e4 c6 2. d4 d5 3. Nc3 dxe4 4. Nxe4 Bf5 5. Ng3 Bg6 6. Nf3 Nf6 7. Ne5 Nbd7 8.
Nxg6 hxg6 9. Bc4 e6 10. Bg5 Be7 11. Qd2 Nd5 12. Bxe7 Qxe7 13. O-O-O N7f6 14.
Rde1 O-O-O 15. Ne4 Nxe4 16. Rxe4 Rh4 17. f3 Rh5 18. c3 Qc7 19. g3 Nf6 20. Re3
c5 21. Rd3 b5 22. Bxb5 c4 23. Ba6+ Kb8 24. Bxc4 Qxc4 25. b3 Qa6 26. c4 Ra5 27.
Kb1 Ra3 28. Re1 Qa5 29. Qxa5 Rxa5 30. Kb2 Rh5 31. Re2 Rdh8 32. Rdd2 Kc7 33. Kc3
Nd7 34. b4 Rc8 35. Kb3 Nb6 36. Rc2 a6 37. a4 a5 38. b5 Kd7 39. Re1 Rf5 40. Re3
Rh5 41. Re1 Rc7 42. Rec1 Rh8 43. Re1 Rhc8 44. Rec1 g5 45. Rc3 f5 46. R3c2 g6
47. Rc3 Rh8 1/2-1/2

[Event "SR 2. liga A 2006/2007"]
[Site "?"]
[Date "2006.10.15"]
[Round "2.8"]
[White "Milanov, Jasen"]
[Black "Kleman, Miroslav"]
[Result "0-1"]
[WhiteElo "1988"]
[BlackElo "2177"]
[PlyCount "55"]
[EventDate "2006.??.??"]

1. c4 e6 2. Nc3 c5 3. e4 g6 4. g3 Bg7 5. Bg2 Nc6 6. Nge2 Nge7 7. O-O O-O 8. d3
d6 9. h3 a6 10. Kh2 Rb8 11. a4 Nd4 12. Nxd4 cxd4 13. Ne2 b5 14. axb5 axb5 15.
b3 Qb6 16. Ba3 f5 17. Nf4 Be5 18. Re1 fxe4 19. Rxe4 Rf5 20. Qe1 b4 21. Bb2 g5
22. Nxe6 Bxe6 23. f4 gxf4 24. gxf4 Rxf4 25. Rxe5 dxe5 26. Qxe5 Ng6 27. Qg5 Rf2
28. Qg3 0-1

[Event "SR 2. liga A 2006/2007"]
[Site "?"]
[Date "2006.10.15"]
[Round "2.8"]
[White "Soltes, Milan"]
[Black "Vyboch, Jozef"]
[Result "0-1"]
[WhiteElo "1692"]
[BlackElo "2006"]
[PlyCount "74"]
[EventDate "2006.??.??"]

1. c4 g6 2. d4 Bg7 3. Nf3 Nf6 4. Nc3 d6 5. e4 O-O 6. Be2 e5 7. d5 a5 8. O-O
Nbd7 9. Bg5 h6 10. Bh4 Nc5 11. Nd2 c6 12. f3 Qb6 13. Bf2 Qxb2 14. Bxc5 dxc5 15.
Na4 Qd4+ 16. Kh1 b5 17. Nb6 Rb8 18. Nxc8 Rfxc8 19. Qc2 cxd5 20. cxd5 c4 21.
Rab1 Bf8 22. Rfd1 Qf2 23. Nf1 Nh5 24. g3 Bc5 25. Nd2 Qxe2 26. Re1 Qd3 27. Qd1
Bb4 28. Re2 c3 29. Nb3 Qxf3+ 30. Kg1 c2 31. Rxc2 Qxd1+ 32. Rxd1 Rxc2 33. d6 a4
34. d7 Rd8 35. Rd5 axb3 36. axb3 Rc5 37. Rd1 Nf6 0-1

[Event "SR 2. liga A 2006/2007"]
[Site "?"]
[Date "2006.11.25"]
[Round "3"]
[White "Farkas, Vladimir"]
[Black "Slamena, Michal"]
[Result "1-0"]
[WhiteElo "2085"]
[BlackElo "1957"]
[PlyCount "72"]
[EventDate "2006.??.??"]

1. Nf3 Nf6 2. d3 g6 3. e4 d6 4. g3 Bg4 5. Bg2 Nc6 6. h3 Bd7 7. O-O Qc8 8. Kh2
h5 9. Be3 e5 10. Qd2 Bg7 11. c3 d5 12. exd5 Nxd5 13. Bc5 Be6 14. Qe2 h4 15. Ng1
Qd7 16. b4 b6 17. b5 hxg3+ 18. fxg3 Na5 19. Bb4 O-O-O 20. Bxa5 bxa5 21. a4 Nf6
22. Rxf6 Bxf6 23. Qf3 Bd5 24. Qxf6 Bxg2 25. Kxg2 Qxd3 26. Qf2 Kb8 27. Ne2 f5
28. Qf3 Qxf3+ 29. Kxf3 Rxh3 30. Kg2 Rdh8 31. Ra2 e4 32. Kf2 Rh1 33. Rb2 R8h2+
34. Ke3 Rf1 35. Nd2 Rff2 36. Nf4 Rf3+ 1-0

[Event "SR 2. liga A 2006/2007"]
[Site "?"]
[Date "2006.11.25"]
[Round "3"]
[White "Gajarsky, Roman"]
[Black "Krajnak, Robert"]
[Result "0-1"]
[WhiteElo "2008"]
[BlackElo "2106"]
[PlyCount "49"]
[EventDate "2006.??.??"]

1. e4 c5 2. c4 Nc6 3. f4 g6 4. Nf3 Bg7 5. Nc3 d6 6. a3 Bg4 7. Be2 e6 8. O-O
Bxf3 9. Bxf3 Nge7 10. d3 Nd4 11. Rb1 Nec6 12. Be3 O-O 13. Qd2 h5 14. Nb5 h4 15.
Nxd4 Bxd4 16. g3 Qa5 17. Kg2 Bxe3 18. Qxe3 Nd4 19. g4 Qd8 20. g5 b5 21. cxb5
Nxb5 22. Bg4 Qe7 23. Kf2 Rab8 24. Bd1 Qb7 25. h3 0-1

[Event "SR 2. liga A 2006/2007"]
[Site "?"]
[Date "2006.11.25"]
[Round "3"]
[White "Gazi, Mikulas"]
[Black "Skreno, Vladimir"]
[Result "0-1"]
[WhiteElo "2173"]
[BlackElo "2189"]
[PlyCount "61"]
[EventDate "2006.??.??"]

1. e4 c5 2. Nf3 Nc6 3. d4 cxd4 4. Nxd4 e5 5. Nb5 a6 6. Nd6+ Bxd6 7. Qxd6 Qf6 8.
Qd1 Qg6 9. Nc3 Nge7 10. h4 h5 11. Bg5 d5 12. exd5 Nd4 13. Bd3 Bf5 14. O-O f6
15. d6 Bxd3 16. cxd3 Nef5 17. Nd5 fxg5 18. Nc7+ Kf7 19. Nxa8 Rxa8 20. Rc1 Nxd6
21. hxg5 Qxg5 22. f4 exf4 23. Qd2 Kg8 24. b4 Re8 25. Rf2 Qg4 26. Re1 Rxe1+ 27.
Qxe1 N6f5 28. Qe5 Ng3 29. Qe8+ Kh7 30. Rd2 f3 31. Qe3 0-1

[Event "SR 2. liga A 2006/2007"]
[Site "?"]
[Date "2006.11.25"]
[Round "3"]
[White "Henc, Marian"]
[Black "Barca, Michal"]
[Result "0-1"]
[WhiteElo "1924"]
[BlackElo "1807"]
[PlyCount "160"]
[EventDate "2006.??.??"]

1. Nf3 Nf6 2. g3 d5 3. d3 c5 4. Bg2 Nc6 5. Na3 e6 6. O-O Bd6 7. c4 O-O 8. Bd2
a6 9. Rb1 Rb8 10. Nc2 b5 11. cxb5 axb5 12. a3 b4 13. axb4 cxb4 14. Re1 Ba6 15.
Ncd4 Qd7 16. Bg5 Be7 17. Rc1 Rfc8 18. Nxc6 Rxc6 19. Ne5 Rxc1 20. Qxc1 Qb7 21.
Nc6 Re8 22. Nxe7+ Qxe7 23. Qa1 Bb7 24. Qa4 Bc6 25. Qb3 Ra8 26. Bd2 Rb8 27. Rc1
Be8 28. h3 Qa7 29. Be3 Qa6 30. Bf4 Rb6 31. Qd1 b3 32. Ra1 Qc8 33. Be5 Qc2 34.
Qe1 Qc6 35. Qa5 h6 36. Bd4 Rb8 37. Qa7 Rc8 38. Bc3 Nd7 39. e4 Nb6 40. Qe7 Rc7
41. Qb4 Qb5 42. Qd4 f6 43. Ra5 Qc6 44. Ra6 Rb7 45. exd5 exd5 46. Kh2 Bf7 47.
Ba5 Qa4 48. Qc3 Qb5 49. Rxb6 Rxb6 50. Bxb6 Qxb6 51. d4 Qb5 52. Kg1 Qc4 53. Qxc4
dxc4 54. Be4 g5 55. Kf1 Kg7 56. f4 gxf4 57. gxf4 f5 58. Bxf5 Bg6 59. Be6 c3 60.
bxc3 b2 61. Ba2 b1=Q+ 62. Bxb1 Bxb1 63. Ke2 Kf6 64. Ke3 Kf5 65. d5 Ba2 66. Kd4
Kxf4 67. c4 Kf5 68. c5 Kf6 69. c6 Bb1 70. d6 Bf5 71. h4 Ke6 72. d7 Ke7 73. Ke5
Bg4 74. Kf4 h5 75. Ke5 Bf3 76. Kf4 Bxc6 77. d8=Q+ Kxd8 78. Ke5 Ke7 79. Kf5 Kf7
80. Kg5 Bf3 0-1

[Event "SR 2. liga A 2006/2007"]
[Site "?"]
[Date "2006.11.25"]
[Round "3"]
[White "Klemanic, Emil"]
[Black "Petrik, Stanislav"]
[Result "1-0"]
[WhiteElo "2293"]
[BlackElo "2184"]
[PlyCount "59"]
[EventDate "2006.??.??"]

1. e4 c5 2. Nc3 Nc6 3. g3 g6 4. Bg2 Bg7 5. d3 e6 6. Be3 Nd4 7. Nge2 Ne7 8. O-O
O-O 9. Qd2 d5 10. exd5 Nxd5 11. Nxd5 Nxe2+ 12. Qxe2 exd5 13. Bxc5 Re8 14. Qf3
Bxb2 15. Rab1 Bg7 16. Qxd5 Be6 17. Qxd8 Raxd8 18. Rxb7 Bxa2 19. Rxa7 Rc8 20. d4
Bc4 21. Rb1 Re2 22. Bf1 Rxc2 23. Bxc4 Rxc4 24. Rbb7 Rxd4 25. Rxf7 Rd1+ 26. Kg2
Be5 27. Be3 h5 28. Rfe7 Bf6 29. Re6 Rf8 30. Bg5 1-0

[Event "SR 2. liga A 2006/2007"]
[Site "?"]
[Date "2006.11.25"]
[Round "3"]
[White "Peska, Juraj"]
[Black "Deak, Gabriel"]
[Result "0-1"]
[WhiteElo "1955"]
[BlackElo "2055"]
[PlyCount "64"]
[EventDate "2006.??.??"]

1. c4 Nf6 2. Nc3 e6 3. g3 d5 4. cxd5 exd5 5. d4 Bb4 6. Bg2 O-O 7. Nf3 Ne4 8.
Bd2 Nxd2 9. Qxd2 c6 10. O-O Nd7 11. a3 Be7 12. b4 Nb6 13. Qc2 Re8 14. b5 Nc4
15. bxc6 bxc6 16. a4 Bf8 17. Nd2 Nxd2 18. Qxd2 Ba6 19. Rfc1 Qa5 20. e3 Rab8 21.
Qc2 Bc4 22. Rcb1 Qa6 23. Bf1 Bxf1 24. Rxf1 Qc4 25. Rfc1 c5 26. dxc5 Qxc5 27.
Nb5 Rec8 28. Qd2 Qb6 29. Qxd5 a6 30. Rxc8 Rxc8 31. Nd4 Qb2 32. Qa2 Rc1+ 0-1

[Event "SR 2. liga A 2006/2007"]
[Site "?"]
[Date "2006.11.25"]
[Round "3"]
[White "Racik, Marek"]
[Black "Susko, Peter"]
[Result "0-1"]
[WhiteElo "1901"]
[BlackElo "1966"]
[PlyCount "105"]
[EventDate "2006.??.??"]

1. Nf3 c5 2. g3 g6 3. c4 Bg7 4. Bg2 Nc6 5. O-O e6 6. d3 Nge7 7. Nc3 O-O 8. Bd2
d5 9. Qc1 Re8 10. Rb1 b6 11. a3 a5 12. Nb5 Ba6 13. a4 Rc8 14. b3 Qd7 15. Bc3
Bb7 16. Bxg7 Kxg7 17. Qf4 Rh8 18. e4 Rcd8 19. e5 Nf5 20. g4 Nfd4 21. Nfxd4 cxd4
22. Qf6+ Kg8 23. Nd6 Nxe5 24. Qxe5 Qxd6 25. Qxd4 Qc7 26. Qe3 d4 27. Qg3 Qxg3
28. hxg3 Bxg2 29. Kxg2 f5 30. gxf5 exf5 31. f4 Re8 32. Rbe1 Kf7 33. Re5 Rxe5
34. fxe5 Ke6 35. Re1 h5 36. Kf3 g5 37. Rh1 Rh7 38. Re1 Rh6 39. Re2 Rh8 40. Re1
g4+ 41. Kf4 h4 42. Rh1 h3 43. Rh2 Rc8 44. b4 axb4 45. Rb2 Rh8 46. Rxb4 h2 47.
Rxb6+ Kd7 48. e6+ Ke7 49. Rb1 h1=Q 50. Rxh1 Rxh1 51. Kxf5 Re1 52. Kxg4 Kxe6 53.
Kh5 0-1

[Event "SR 2. liga A 2006/2007"]
[Site "?"]
[Date "2006.11.25"]
[Round "3"]
[White "Raczko, Peter"]
[Black "Hertel, Ondrej"]
[Result "0-1"]
[WhiteElo "2028"]
[BlackElo "1990"]
[PlyCount "53"]
[EventDate "2006.??.??"]

1. e4 c6 2. d4 d5 3. exd5 cxd5 4. Bd3 Nf6 5. Nf3 Bg4 6. O-O e6 7. c3 Bd6 8. Bg5
Nbd7 9. Nbd2 Qc7 10. h3 Bh5 11. Qa4 O-O 12. Rfe1 a6 13. c4 Bxf3 14. Bxf6 Bh2+
15. Kh1 Bxg2+ 16. Kxg2 Nxf6 17. Nf3 Bf4 18. c5 Rfe8 19. Qc2 e5 20. dxe5 Bxe5
21. Nxe5 Rxe5 22. Rxe5 Qxe5 23. Rd1 g6 24. Qe2 Qg5+ 25. Kh1 Re8 26. Qf3 Ne4 27.
Re1 0-1

[Event "SR 2. liga A 2006/2007"]
[Site "?"]
[Date "2006.11.25"]
[Round "3.1"]
[White "Duriga, Stefan"]
[Black "Smolen, Jan"]
[Result "1/2-1/2"]
[WhiteElo "2265"]
[BlackElo "2346"]
[PlyCount "68"]
[EventDate "2006.??.??"]

1. d4 d5 2. Nf3 c6 3. Nc3 Bf5 4. Bf4 e6 5. e3 Bb4 6. Nd2 Nf6 7. Ne2 O-O 8. Ng3
Bg6 9. Bd3 Bxd3 10. cxd3 a5 11. O-O a4 12. Nf3 a3 13. b3 Bc3 14. Rc1 Bb2 15.
Rc2 Na6 16. Qb1 Ne8 17. e4 Nec7 18. Bc1 Bxc1 19. Qxc1 Nb4 20. Re2 Nxd3 21. Qd2
Nb2 22. e5 Qe7 23. Ne1 Nb5 24. Nc2 c5 25. Re3 Nxd4 26. Nxd4 cxd4 27. Qxd4 Rac8
28. Nh5 Kh8 29. Qg4 Rg8 30. Rh3 Qc7 31. Nf6 gxf6 32. Qh4 Qc2 33. Qxf6+ Rg7 34.
Rg3 Rcg8 1/2-1/2

[Event "SR 2. liga A 2006/2007"]
[Site "?"]
[Date "????.??.??"]
[Round "3.1"]
[White "Lesny, Stefan"]
[Black "Tepper, Frantisek"]
[Result "1/2-1/2"]
[WhiteElo "2103"]
[BlackElo "2171"]
[PlyCount "35"]
[EventDate "2006.??.??"]

1. e4 e5 2. Nf3 Nf6 3. Nxe5 d6 4. Nf3 Nxe4 5. Qe2 Qe7 6. d3 Nf6 7. Bg5 Qxe2+ 8.
Bxe2 Be7 9. Nc3 Bd7 10. O-O O-O 11. Rfe1 Nc6 12. Ne4 Nd5 13. Bxe7 Ndxe7 14. c3
Ng6 15. d4 Nf4 16. Bf1 Rfe8 17. g3 Ng6 18. Bg2 1/2-1/2

[Event "SR 2. liga A 2006/2007"]
[Site "?"]
[Date "2006.11.25"]
[Round "3.1"]
[White "Tibensky, Robert"]
[Black "Pacher, Milan"]
[Result "1-0"]
[WhiteElo "2409"]
[BlackElo "2262"]
[PlyCount "81"]
[EventDate "2006.??.??"]
[TimeControl "240+2"]

{284MB, Fritz8.ctg, K48BB} 1. d4 Nf6 2. c4 e6 3. Nf3 b6 4. g3 Ba6 5. Nbd2 Bb7
6. Bg2 d5 7. Ne5 Bd6 8. cxd5 exd5 9. Qa4+ Nfd7 10. Nec4 Be7 11. Ne3 O-O 12.
Nxd5 Nc5 13. dxc5 Bxd5 14. Nf3 Bxc5 15. O-O Qe7 16. Rd1 Bb7 17. Qc2 Nc6 18. a3
a5 19. Bf4 h6 20. h4 Nd8 21. e3 Ne6 22. Be5 Rad8 23. Bc3 Rxd1+ 24. Rxd1 Rd8 25.
Re1 Bd6 26. Qf5 Qd7 27. Qg4 Qc6 28. e4 Qc4 29. h5 Bc8 30. Nd2 Qa4 31. Qe2 Bc5
32. b3 Qe8 33. Nc4 Nd4 34. Qb2 Ba6 35. Ne3 c6 36. b4 Ne2+ 37. Rxe2 Bxe2 38.
bxc5 Bxh5 39. Bxg7 Kh7 40. cxb6 Rb8 41. Be5 1-0

[Event "SR 2. liga A 2006/2007"]
[Site "?"]
[Date "????.??.??"]
[Round "3.2"]
[White "Biro, Karol"]
[Black "Petenyi, Tamas"]
[Result "0-1"]
[WhiteElo "2191"]
[BlackElo "2125"]
[PlyCount "78"]
[EventDate "2006.??.??"]

1. b3 Nf6 2. Bb2 e6 3. Nf3 c5 4. e3 Be7 5. Be2 O-O 6. O-O d6 7. c4 Nbd7 8. Nc3
b6 9. d4 Bb7 10. Qc2 a6 11. Rfd1 cxd4 12. Nxd4 Rc8 13. Qd2 Qc7 14. Rac1 Rfd8
15. Bf3 Ne5 16. Bxb7 Qxb7 17. Qe2 Re8 18. e4 Ng6 19. Re1 Rcd8 20. Qf3 Nd7 21.
Rcd1 Qc7 22. Qg3 Nde5 23. Rf1 Nc6 24. Nf3 Nce5 25. Ne1 h5 26. h3 h4 27. Qe3 Qb7
28. Kh1 Nd7 29. f4 Nf6 30. f5 Ne5 31. fxe6 fxe6 32. Ne2 Qxe4 33. Qxe4 Nxe4 34.
Rf4 Nc5 35. Nd4 Bg5 36. Rf1 Ne4 37. Ne2 Rf8 38. Nf3 Nxf3 39. Rxf3 Nf2+ 0-1

[Event "SR 2. liga A 2006/2007"]
[Site "?"]
[Date "2006.11.25"]
[Round "3.2"]
[White "Eged, Igor"]
[Black "Petrik, Karol"]
[Result "0-1"]
[WhiteElo "2103"]
[BlackElo "2136"]
[PlyCount "93"]
[EventDate "2006.??.??"]

1. Nf3 Nf6 2. c4 c5 3. Nc3 g6 4. e3 Bg7 5. Be2 O-O 6. O-O d6 7. d4 Nc6 8. h3
Bd7 9. d5 Na5 10. Re1 a6 11. a4 Rb8 12. Ra3 Nxc4 13. Bxc4 b5 14. axb5 axb5 15.
Nxb5 Bxb5 16. b3 Nd7 17. Qd3 Qb6 18. Bd2 Rfe8 19. Bc3 Bxc3 20. Qxc3 Bxc4 21.
bxc4 Qb4 22. Rea1 Qxc3 23. Rxc3 Rb4 24. Rac1 Ra8 25. g3 Nf6 26. R3c2 Ra3 27.
Nd2 Nd7 28. Kg2 Ne5 29. Rc3 Ra2 30. R1c2 Rbb2 31. Rxb2 Rxb2 32. Nf3 Nxf3 33.
Kxf3 Kg7 34. e4 Kf6 35. Ke3 Ke5 36. f4+ Kf6 37. Kf3 g5 38. Kg4 gxf4 39. gxf4
Rd2 40. Kf3 h5 41. h4 Rd1 42. Ra3 Rc1 43. Ra6 Rxc4 44. e5+ Kf5 45. exd6 exd6
46. Rxd6 Rd4 47. Kg3 0-1

[Event "SR 2. liga A 2006/2007"]
[Site "?"]
[Date "2006.11.25"]
[Round "3.2"]
[White "Ruckschloss, Karol"]
[Black "Maslik, Miroslav"]
[Result "1-0"]
[WhiteElo "2273"]
[BlackElo "2204"]
[PlyCount "111"]
[EventDate "2006.??.??"]
[TimeControl "240+2"]

{284MB, Fritz8.ctg, K48BB} 1. c4 Nf6 2. d4 g6 3. Nc3 d5 4. cxd5 Nxd5 5. e4 Nxc3
6. bxc3 Bg7 7. Bc4 O-O 8. Ne2 c5 9. O-O Nc6 10. Be3 Bg4 11. f3 Bd7 12. dxc5 Qc7
13. Qb3 Na5 14. Qb4 Nxc4 15. Qxc4 Rfc8 16. Qb4 e6 17. Rab1 Rab8 18. Rfd1 Bf8
19. Nc1 b6 20. cxb6 axb6 21. Qd4 Bc5 22. Qd2 Ba4 23. Re1 Bd6 24. h3 Bh2+ 25.
Kh1 Bg3 26. Rf1 Qxc3 27. Qxc3 Rxc3 28. Bxb6 Rc6 29. Ne2 Rcxb6 30. Rxb6 Rxb6 31.
Nxg3 Rb2 32. Ra1 Kg7 33. Nf1 Re2 34. a3 Kf6 35. Kh2 Ke5 36. Rc1 Ra2 37. Rc7 f5
38. exf5 gxf5 39. Ne3 Re2 40. Nc4+ Kd4 41. Nd6 Ke3 42. Rxh7 Bc6 43. Rg7 f4 44.
Rc7 Bd5 45. h4 Kd4 46. Kh3 e5 47. Re7 Re1 48. h5 Kc5 49. Ne4+ Bxe4 50. Rxe5+
Kd6 51. Rxe4 Rh1+ 52. Kg4 Rg1 53. Re2 Rh1 54. Kxf4 Rxh5 55. g4 Ra5 56. Re3 1-0

[Event "SR 2. liga A 2006/2007"]
[Site "?"]
[Date "2006.11.25"]
[Round "3.3"]
[White "Janos, Ivan"]
[Black "Hacik, Radomir"]
[Result "1/2-1/2"]
[WhiteElo "2142"]
[BlackElo "2213"]
[PlyCount "69"]
[EventDate "2006.??.??"]
[TimeControl "240+2"]

{284MB, Fritz8.ctg, K48BB} 1. e4 c6 2. d4 d5 3. exd5 cxd5 4. c3 g6 5. Bf4 Nc6
6. Bd3 Bg7 7. Na3 a6 8. h3 e5 9. dxe5 Nxe5 10. Bxe5 Bxe5 11. Nf3 Bg7 12. Qa4+
Bd7 13. Qb3 Nf6 14. O-O O-O 15. Nc2 Nh5 16. Rfd1 Nf4 17. Ne3 Qf6 18. Nxd5 Nxd5
19. Qxd5 Bc6 20. Qg5 Bxf3 21. Qxf6 Bxf6 22. gxf3 Rad8 23. Be2 Bg5 24. Rxd8 Rxd8
25. Rd1 Rxd1+ 26. Bxd1 Bc1 27. b3 Kf8 28. Kg2 Ke7 29. Kg3 Bd2 30. c4 f5 31. Be2
a5 32. f4 b6 33. c5 bxc5 34. Bc4 Kf6 35. Kf3 1/2-1/2